Honduras: régimen de planificación, presupuestación y evaluación pública en Honduras
Guardado en:
| Formato: | Texto |
|---|---|
| Etiquetas: |
Agregar Etiqueta
Sin Etiquetas, Sea el primero en etiquetar este registro!
|
MARC
| LEADER | 00000 a a2200000 04500 | ||
|---|---|---|---|
| 001 | 47613 | ||
| 003 | |||
| 040 | |||
| 245 | |a Honduras: |b régimen de planificación, presupuestación y evaluación pública en Honduras | ||
| 773 | |a páginas 147-171 | ||
| 999 | |c 26628 |d 26628 | ||
